[Event "Benidorm Satellite preliminary"]
[Site "playchess.com #007036"]
[Date "2009.10.24"]
[Round "12"]
[White "HaraldEtuna"]
[Black "Priscila"]
[Result "0-1"]
[WhiteElo "2159"]
[BlackElo "1853"]
[PlyCount "90"]
[EventDate "2009.10.24"]
[EventType "swiss (blitz)"]

1. e4 {[%emt 0:00:01]} e6 {[%emt 0:00:00]} 2. d4 {[%emt 0:00:01]} d5 {[%emt 0:
00:00]} 3. Nd2 {[%emt 0:00:01]} Nf6 {[%emt 0:00:01]} 4. e5 {[%emt 0:00:01]}
Nfd7 {[%emt 0:00:01]} 5. Bd3 {[%emt 0:00:00]} a6 {[%emt 0:00:00]} 6. Ne2 {
[%emt 0:00:01]} c5 {[%emt 0:00:00]} 7. c3 {[%emt 0:00:01]} Nc6 {[%emt 0:00:01]}
8. f4 {[%emt 0:00:03]} g6 {[%emt 0:00:01]} 9. Nf3 {[%emt 0:00:01]} h5 {[%emt 0:
00:01]} 10. O-O {[%emt 0:00:01]} b5 {[%emt 0:00:00]} 11. Be3 {[%emt 0:00:01]}
c4 {[%emt 0:00:00]} 12. Bc2 {[%emt 0:00:02]} Nb6 {[%emt 0:00:00]} 13. g3 {
[%emt 0:00:12]} Bd7 {[%emt 0:00:01]} 14. Kg2 {[%emt 0:00:01]} Ne7 {[%emt 0:00:
01]} 15. h3 {[%emt 0:00:01]} Nf5 {[%emt 0:00:01]} 16. Bf2 {[%emt 0:00:01]} Be7
{[%emt 0:00:02]} 17. Qe1 {[%emt 0:00:01]} a5 {[%emt 0:00:12]} 18. Rh1 {[%emt 0:
00:16]} Ng7 {[%emt 0:00:15]} 19. g4 {[%emt 0:00:03]} Qc7 {[%emt 0:00:08]} 20.
Ng3 {[%emt 0:00:07]} O-O-O {[%emt 0:00:15]} 21. Ng5 {[%emt 0:00:08]} Rdf8 {
[%emt 0:00:17]} 22. Qe3 {[%emt 0:00:02]} Qd8 {[%emt 0:00:03]} 23. b3 {[%emt 0:
00:05]} Bc6 {[%emt 0:00:03]} 24. a4 {[%emt 0:00:07]} b4 {[%emt 0:00:04]} 25.
cxb4 {[%emt 0:00:04]} Bxb4 {[%emt 0:00:00]} 26. Rac1 {[%emt 0:00:13]} Kb7 {
[%emt 0:00:13]} 27. Bd1 {[%emt 0:00:06]} hxg4 {[%emt 0:00:13]} 28. hxg4 {[%emt
0:00:02]} Rxh1 {[%emt 0:00:01]} 29. Kxh1 {[%emt 0:00:02]} Qe7 {[%emt 0:00:12]}
30. Kg2 {[%emt 0:00:03]} Rc8 {[%emt 0:00:02]} 31. Bf3 {[%emt 0:00:14]} Ne8 {
[%emt 0:00:12]} 32. Be1 {[%emt 0:00:09]} Rc7 {[%emt 0:00:23]} 33. Ne2 {[%emt 0:
00:06]} Bxe1 {[%emt 0:00:11]} 34. Rxe1 {[%emt 0:00:02]} cxb3 {[%emt 0:00:14]}
35. Nc3 {[%emt 0:00:04]} Qb4 {[%emt 0:00:05]} 36. Rb1 {[%emt 0:00:14]} Nxa4 {
[%emt 0:00:08]} 37. Nxa4 {[%emt 0:00:01]} Bxa4 {[%emt 0:00:01]} 38. Bd1 {[%emt
0:00:05]} Rc3 {[%emt 0:00:15]} 39. Qf2 {[%emt 0:00:01]} Bb5 {[%emt 0:00:08]}
40. Nxf7 {[%emt 0:00:06]} Bd3 {[%emt 0:00:05]} 41. Nd8+ {[%emt 0:00:03]} Kc8 {
[%emt 0:00:10]} 42. Nxe6 {[%emt 0:00:01]} Bxb1 {[%emt 0:00:02]} 43. f5 {[%emt
0:00:05]} Rc2 {[%emt 0:00:06]} 44. Bxc2 {[%emt 0:00:02]} bxc2 {[%emt 0:00:00]}
45. Qe3 {[%emt 0:00:27] .} Qb2 {[%emt 0:00:06] HaraldEtuna resigns} 0-1

[Event "Benidorm Satellite preliminary"]
[Site "playchess.com #007036"]
[Date "2009.10.24"]
[Round "12"]
[White "Borya_ider"]
[Black "CubaChessPraxis"]
[Result "0-1"]
[WhiteElo "2592"]
[BlackElo "2163"]
[PlyCount "116"]
[EventDate "2009.10.24"]
[EventType "swiss (blitz)"]

1. d4 {[%emt 0:00:01]} f5 {[%emt 0:00:02]} 2. g3 {[%emt 0:00:04]} Nf6 {[%emt 0:
00:02]} 3. Bg2 {[%emt 0:00:01]} g6 {[%emt 0:00:01]} 4. Nf3 {[%emt 0:00:01]} Bg7
{[%emt 0:00:01]} 5. O-O {[%emt 0:00:00]} O-O {[%emt 0:00:01]} 6. b4 {[%emt 0:
00:00]} a5 {[%emt 0:00:04]} 7. b5 {[%emt 0:00:03]} d5 {[%emt 0:00:01]} 8. Bb2 {
[%emt 0:00:02]} Nbd7 {[%emt 0:00:02]} 9. a4 {[%emt 0:00:01]} Nb6 {[%emt 0:00:
02]} 10. Nbd2 {[%emt 0:00:02]} Kh8 {[%emt 0:00:01]} 11. Ne5 {[%emt 0:00:02]}
Be6 {[%emt 0:00:02]} 12. e3 {[%emt 0:00:01]} Bg8 {[%emt 0:00:06]} 13. c4 {
[%emt 0:00:01]} Ne4 {[%emt 0:00:10]} 14. c5 {[%emt 0:00:01]} Nd7 {[%emt 0:00:
04]} 15. Nd3 {[%emt 0:00:06]} c6 {[%emt 0:00:05]} 16. Nf3 {[%emt 0:00:03]} g5 {
[%emt 0:00:24]} 17. Qc2 {[%emt 0:00:15]} e6 {[%emt 0:00:02]} 18. Nd2 {[%emt 0:
00:04]} h5 {[%emt 0:00:17]} 19. f3 {[%emt 0:00:02]} Nef6 {[%emt 0:00:20]} 20.
Nb3 {[%emt 0:00:02]} h4 {[%emt 0:00:06]} 21. Bc3 {[%emt 0:00:05]} Bf7 {[%emt 0:
00:08]} 22. Qd2 {[%emt 0:00:03]} Bh6 {[%emt 0:00:06]} 23. Nxa5 {[%emt 0:00:03]}
Qc7 {[%emt 0:00:10]} 24. f4 {[%emt 0:00:09]} gxf4 {[%emt 0:00:05]} 25. exf4 {
[%emt 0:00:07]} Ne4 {[%emt 0:00:03]} 26. Bxe4 {[%emt 0:00:03]} fxe4 {[%emt 0:
00:03]} 27. Ne5 {[%emt 0:00:03]} Nxe5 {[%emt 0:00:05]} 28. dxe5 {[%emt 0:00:01]
} cxb5 {[%emt 0:00:01]} 29. Qd4 {[%emt 0:00:23]} Rg8 {[%emt 0:00:05]} 30. Kf2 {
[%emt 0:00:04]} Rxa5 {[%emt 0:00:07]} 31. axb5 {[%emt 0:00:07]} Rxb5 {[%emt 0:
00:04]} 32. f5 {[%emt 0:00:07]} e3+ {[%emt 0:00:06]} 33. Kg1 {[%emt 0:00:03]}
hxg3 {[%emt 0:00:03]} 34. hxg3 {[%emt 0:00:01]} e2 {[%emt 0:00:13]} 35. Rf4 {
[%emt 0:00:06]} Qxc5 {[%emt 0:00:11]} 36. Rh4 {[%emt 0:00:02]} Kg7 {[%emt 0:00:
09]} 37. f6+ {[%emt 0:00:01]} Kg6 {[%emt 0:00:03]} 38. Kf2 {[%emt 0:00:34]}
Qxd4+ {[%emt 0:00:04]} 39. Bxd4 {[%emt 0:00:01]} Rb4 {[%emt 0:00:03]} 40. Rah1
{[%emt 0:00:03]} Bg5 {[%emt 0:00:02]} 41. Rg4 {[%emt 0:00:02]} Kf5 {[%emt 0:00:
02]} 42. Rhh4 {[%emt 0:00:17]} Bxh4 {[%emt 0:00:03]} 43. Rf4+ {[%emt 0:00:01]}
Kg6 {[%emt 0:00:02]} 44. Rxh4 {[%emt 0:00:02]} Rxd4 {[%emt 0:00:10]} 45. Rxd4 {
[%emt 0:00:01]} Kf5 {[%emt 0:00:01]} 46. Kxe2 {[%emt 0:00:03]} Kxe5 {[%emt 0:
00:01]} 47. Rb4 {[%emt 0:00:00]} Kxf6 {[%emt 0:00:01]} 48. Rxb7 {[%emt 0:00:02]
} e5 {[%emt 0:00:01]} 49. Kf2 {[%emt 0:00:00]} Be6 {[%emt 0:00:01]} 50. Rb6 {
[%emt 0:00:00]} d4 {[%emt 0:00:01]} 51. Kf3 {[%emt 0:00:01]} Kf5 {[%emt 0:00:
02]} 52. g4+ {[%emt 0:00:00]} Rxg4 {[%emt 0:00:02]} 53. Rb8 {[%emt 0:00:02]}
Rf4+ {[%emt 0:00:01]} 54. Ke2 {[%emt 0:00:00]} Bc4+ {[%emt 0:00:02]} 55. Kd2 {
[%emt 0:00:01]} e4 {[%emt 0:00:01]} 56. Rf8+ {[%emt 0:00:02]} Ke5 {[%emt 0:00:
01]} 57. Re8+ {[%emt 0:00:01]} Kd5 {[%emt 0:00:01]} 58. Rc8 {[%emt 0:00:01]}
Rf2+ {[%emt 0:00:02] Borya_ider abandonne} 0-1

[Event "Benidorm Satellite preliminary"]
[Site "playchess.com #007036"]
[Date "2009.10.24"]
[Round "12"]
[White "Fighterknight"]
[Black "Althusius"]
[Result "1-0"]
[WhiteElo "2265"]
[BlackElo "1889"]
[PlyCount "67"]
[EventDate "2009.10.24"]
[EventType "swiss (blitz)"]

1. e4 {[%emt 0:00:02]} c5 {[%emt 0:00:01]} 2. Nf3 {[%emt 0:00:02]} d6 {[%emt 0:
00:01]} 3. d4 {[%emt 0:00:05]} cxd4 {[%emt 0:00:00]} 4. Nxd4 {[%emt 0:00:01]}
Nf6 {[%emt 0:00:01]} 5. f3 {[%emt 0:00:01]} Nc6 {[%emt 0:00:03]} 6. c4 {[%emt
0:00:01]} g6 {[%emt 0:00:15]} 7. Nc3 {[%emt 0:00:20]} Bg7 {[%emt 0:00:02]} 8.
Be3 {[%emt 0:00:02]} O-O {[%emt 0:00:02]} 9. Qd2 {[%emt 0:00:25]} Qa5 {[%emt 0:
00:28]} 10. Be2 {[%emt 0:00:47]} Bd7 {[%emt 0:00:05]} 11. O-O {[%emt 0:00:02]}
Rac8 {[%emt 0:00:10]} 12. Rac1 {[%emt 0:00:19]} Rfe8 {[%emt 0:00:25]} 13. Rc2 {
[%emt 0:00:06]} Ne5 {[%emt 0:00:26]} 14. b3 {[%emt 0:00:26]} a6 {[%emt 0:00:02]
} 15. Rb1 {[%emt 0:00:15]} h5 {[%emt 0:00:46] '} 16. Qc1 {[%emt 0:00:23]} Kh7 {
[%emt 0:00:09]} 17. Nd5 {[%emt 0:00:02]} Nxd5 {[%emt 0:00:11]} 18. exd5 {[%emt
0:00:00]} Rc7 {[%emt 0:00:12]} 19. b4 {[%emt 0:00:06]} Qa4 {[%emt 0:00:14]} 20.
Rc3 {[%emt 0:00:01]} Rec8 {[%emt 0:00:04]} 21. Bd1 {[%emt 0:00:01]} Rxc4 {
[%emt 0:00:03]} 22. Rxc4 {[%emt 0:00:03]} Rxc4 {[%emt 0:00:03]} 23. Bxa4 {
[%emt 0:00:05] .} Rxc1+ {[%emt 0:00:02]} 24. Rxc1 {[%emt 0:00:00]} Bxa4 {[%emt
0:00:02]} 25. Rc7 {[%emt 0:00:00]} Nd3 {[%emt 0:00:03]} 26. Rxb7 {[%emt 0:00:
01]} Bb5 {[%emt 0:00:03]} 27. Nxb5 {[%emt 0:00:03]} axb5 {[%emt 0:00:01]} 28.
Rxb5 {[%emt 0:00:00]} Be5 {[%emt 0:00:03]} 29. a4 {[%emt 0:00:03]} Kg7 {[%emt
0:00:01]} 30. a5 {[%emt 0:00:01]} Kf6 {[%emt 0:00:00]} 31. a6 {[%emt 0:00:01]}
e6 {[%emt 0:00:00]} 32. a7 {[%emt 0:00:02]} exd5 {[%emt 0:00:00]} 33. a8=Q {
[%emt 0:00:01]} d4 {[%emt 0:00:00]} 34. Qd8+ {[%emt 0:00:02] Althusius resigns}
1-0

[Event "Benidorm Satellite preliminary"]
[Site "playchess.com #007036"]
[Date "2009.10.24"]
[Round "12"]
[White "Vasily Mln"]
[Black "Bystrc2010"]
[Result "1-0"]
[WhiteElo "2041"]
[BlackElo "1772"]
[PlyCount "77"]
[EventDate "2009.10.24"]
[EventType "swiss (blitz)"]

1. d4 {[%emt 0:00:02]} Nf6 {[%emt 0:00:01]} 2. c4 {[%emt 0:00:01]} g6 {[%emt 0:
00:00]} 3. Nc3 {[%emt 0:00:02]} Bg7 {[%emt 0:00:00]} 4. e4 {[%emt 0:00:01]} d6
{[%emt 0:00:00]} 5. Nf3 {[%emt 0:00:00]} O-O {[%emt 0:00:00]} 6. Be2 {[%emt 0:
00:00]} e5 {[%emt 0:00:01]} 7. O-O {[%emt 0:00:01]} Nc6 {[%emt 0:00:01]} 8. d5
{[%emt 0:00:00]} Ne7 {[%emt 0:00:01]} 9. Ne1 {[%emt 0:00:00]} Nd7 {[%emt 0:00:
01]} 10. Nd3 {[%emt 0:00:00]} f5 {[%emt 0:00:02]} 11. Bd2 {[%emt 0:00:00]} Nf6
{[%emt 0:00:01]} 12. f3 {[%emt 0:00:01]} f4 {[%emt 0:00:02]} 13. c5 {[%emt 0:
00:01]} g5 {[%emt 0:00:02]} 14. Rc1 {[%emt 0:00:00]} Ng6 {[%emt 0:00:10]} 15.
cxd6 {[%emt 0:00:02]} cxd6 {[%emt 0:00:01]} 16. Nb5 {[%emt 0:00:01]} Rf7 {
[%emt 0:00:02]} 17. Qc2 {[%emt 0:00:01]} Ne8 {[%emt 0:00:18]} 18. a4 {[%emt 0:
00:02]} a6 {[%emt 0:00:05]} 19. Na3 {[%emt 0:00:04]} h5 {[%emt 0:00:02]} 20.
Nf2 {[%emt 0:00:03]} Nf6 {[%emt 0:00:09]} 21. h3 {[%emt 0:00:18]} Bf8 {[%emt 0:
00:07]} 22. Nc4 {[%emt 0:00:02]} Rg7 {[%emt 0:00:10]} 23. Ba5 {[%emt 0:00:04]}
Qe8 {[%emt 0:00:05]} 24. Nb6 {[%emt 0:00:01]} g4 {[%emt 0:00:28]} 25. Nxa8 {
[%emt 0:00:04]} Bd7 {[%emt 0:00:17]} 26. Nc7 {[%emt 0:00:04]} Qf7 {[%emt 0:00:
01]} 27. Ne6 {[%emt 0:00:01]} gxh3 {[%emt 0:00:04]} 28. Nxg7 {[%emt 0:00:06]}
Qxg7 {[%emt 0:00:01]} 29. gxh3 {[%emt 0:02:03] .} Nh4+ {[%emt 0:00:13]} 30. Ng4
{[%emt 0:00:00]} hxg4 {[%emt 0:00:08]} 31. fxg4 {[%emt 0:00:00]} Qg5 {[%emt 0:
00:30]} 32. Bd8 {[%emt 0:00:12]} f3 {[%emt 0:00:15]} 33. Bxf3 {[%emt 0:00:19]}
Qe3+ {[%emt 0:00:24]} 34. Qf2 {[%emt 0:00:02]} Qxf2+ {[%emt 0:00:13]} 35. Rxf2
{[%emt 0:00:04]} Nxf3+ {[%emt 0:00:05]} 36. Rxf3 {[%emt 0:00:04]} Nxe4 {[%emt
0:00:03]} 37. Rc7 {[%emt 0:00:06]} Bxa4 {[%emt 0:00:03]} 38. Rc8 {[%emt 0:00:
05]} Ng5 {[%emt 0:00:02]} 39. Bxg5 {[%emt 0:00:02] Bystrc2010 gibt auf} 1-0

[Event "Benidorm Satellite preliminary"]
[Site "playchess.com #007036"]
[Date "2009.10.24"]
[Round "12"]
[White "Nußhardt"]
[Black "Kampfgeist"]
[Result "1-0"]
[WhiteElo "1630"]
[BlackElo "1357"]
[PlyCount "107"]
[EventDate "2009.10.24"]
[EventType "swiss (blitz)"]

1. d4 {[%emt 0:00:06]} Nf6 {[%emt 0:00:03]} 2. e4 {[%emt 0:00:01]} Nxe4 {[%emt
0:00:08]} 3. f3 {[%emt 0:00:01]} d5 {[%emt 0:00:27]} 4. fxe4 {[%emt 0:00:04]}
dxe4 {[%emt 0:00:01]} 5. c3 {[%emt 0:00:05]} e6 {[%emt 0:00:01]} 6. Be3 {[%emt
0:00:03]} Bd6 {[%emt 0:00:04]} 7. g3 {[%emt 0:00:04]} Nd7 {[%emt 0:00:06]} 8.
Nd2 {[%emt 0:00:04]} Nf6 {[%emt 0:00:01]} 9. Bh3 {[%emt 0:00:05]} b6 {[%emt 0:
00:04]} 10. Ne2 {[%emt 0:00:04]} Bb7 {[%emt 0:00:03]} 11. O-O {[%emt 0:00:03]}
O-O {[%emt 0:00:04]} 12. Bf4 {[%emt 0:00:08]} Bxf4 {[%emt 0:00:07]} 13. Nxf4 {
[%emt 0:00:03]} e3 {[%emt 0:00:01]} 14. Nf3 {[%emt 0:00:04]} Ne4 {[%emt 0:00:
06]} 15. Qe2 {[%emt 0:00:05]} Nd2 {[%emt 0:00:57]} 16. Nxd2 {[%emt 0:00:04]}
exd2 {[%emt 0:00:02]} 17. Qxd2 {[%emt 0:00:02]} g5 {[%emt 0:00:05]} 18. Bg2 {
[%emt 0:00:04]} Bxg2 {[%emt 0:00:03]} 19. Nxg2 {[%emt 0:00:03]} Qd5 {[%emt 0:
00:05]} 20. Ne3 {[%emt 0:00:05]} Qd8 {[%emt 0:00:09]} 21. Nc4 {[%emt 0:00:04]}
c5 {[%emt 0:00:04]} 22. dxc5 {[%emt 0:00:05]} Qxd2 {[%emt 0:00:02]} 23. Nxd2 {
[%emt 0:00:03]} Rad8 {[%emt 0:00:02]} 24. Ne4 {[%emt 0:00:02]} h6 {[%emt 0:00:
03]} 25. cxb6 {[%emt 0:00:04]} axb6 {[%emt 0:00:01]} 26. Rad1 {[%emt 0:00:04]}
Ra8 {[%emt 0:00:03]} 27. a3 {[%emt 0:00:03]} f5 {[%emt 0:00:03]} 28. Nd6 {
[%emt 0:00:03]} Kg7 {[%emt 0:00:04]} 29. Nb5 {[%emt 0:00:04]} Rfe8 {[%emt 0:00:
05]} 30. Rd7+ {[%emt 0:00:04]} Kf6 {[%emt 0:00:03]} 31. Nd6 {[%emt 0:00:07]}
Red8 {[%emt 0:00:03]} 32. Rxd8 {[%emt 0:00:06]} Rxd8 {[%emt 0:00:02]} 33. Nc4 {
[%emt 0:00:01]} b5 {[%emt 0:00:03]} 34. Ne3 {[%emt 0:00:04]} Rd2 {[%emt 0:00:
03]} 35. Rb1 {[%emt 0:00:07]} Re2 {[%emt 0:00:04]} 36. Nd1 {[%emt 0:00:03]}
Re1+ {[%emt 0:00:05]} 37. Kf2 {[%emt 0:00:03]} Rh1 {[%emt 0:00:01]} 38. Kg2 {
[%emt 0:00:10]} Re1 {[%emt 0:00:02]} 39. b3 {[%emt 0:00:04]} Re2+ {[%emt 0:00:
07]} 40. Kg1 {[%emt 0:00:05]} Re1+ {[%emt 0:00:03]} 41. Kf2 {[%emt 0:00:04]}
Rh1 {[%emt 0:00:01]} 42. Ke3 {[%emt 0:00:04]} Rxh2 {[%emt 0:00:02]} 43. Nf2 {
[%emt 0:00:03]} h5 {[%emt 0:00:08]} 44. a4 {[%emt 0:00:03]} bxa4 {[%emt 0:00:
03]} 45. bxa4 {[%emt 0:00:03]} h4 {[%emt 0:00:01]} 46. gxh4 {[%emt 0:00:02]}
gxh4 {[%emt 0:00:02]} 47. a5 {[%emt 0:00:04]} h3 {[%emt 0:00:02]} 48. a6 {
[%emt 0:00:03]} Rg2 {[%emt 0:00:01]} 49. a7 {[%emt 0:00:02]} h2 {[%emt 0:00:01]
} 50. a8=Q {[%emt 0:00:07]} Rg3+ {[%emt 0:00:11]} 51. Ke2 {[%emt 0:00:05]} Rg1
{[%emt 0:00:10]} 52. Rf1 {[%emt 0:00:05]} e5 {[%emt 0:00:08]} 53. Qh8+ {[%emt
0:00:04]} Ke6 {[%emt 0:00:03]} 54. Qxh2 {[%emt 0:00:03] Kampfgeist gibt auf}
1-0

[Event "Benidorm Satellite preliminary"]
[Site "playchess.com #007036"]
[Date "2009.10.24"]
[Round "12"]
[White "Beckhambauer"]
[Black "Jolan"]
[Result "0-1"]
[WhiteElo "1602"]
[BlackElo "1650"]
[PlyCount "120"]
[EventDate "2009.10.24"]
[EventType "swiss (blitz)"]

1. d4 {[%emt 0:00:01]} Nf6 {[%emt 0:00:02]} 2. c4 {[%emt 0:00:02]} c5 {[%emt 0:
00:01]} 3. d5 {[%emt 0:00:03]} e6 {[%emt 0:00:00]} 4. Nc3 {[%emt 0:00:02]} exd5
{[%emt 0:00:01]} 5. cxd5 {[%emt 0:00:01]} d6 {[%emt 0:00:00]} 6. e4 {[%emt 0:
00:01]} g6 {[%emt 0:00:00]} 7. h3 {[%emt 0:00:02]} Bg7 {[%emt 0:00:00]} 8. Nf3
{[%emt 0:00:01]} O-O {[%emt 0:00:00]} 9. Bd3 {[%emt 0:00:02]} h6 {[%emt 0:00:
03]} 10. O-O {[%emt 0:00:04]} Na6 {[%emt 0:00:00]} 11. a3 {[%emt 0:00:02]} Rb8
{[%emt 0:00:01]} 12. Bf4 {[%emt 0:00:04]} Nc7 {[%emt 0:00:05]} 13. Qc1 {[%emt
0:00:16]} Kh7 {[%emt 0:00:02]} 14. Qc2 {[%emt 0:00:02]} a6 {[%emt 0:00:02]} 15.
a4 {[%emt 0:00:03]} Nh5 {[%emt 0:00:08]} 16. Bh2 {[%emt 0:00:03]} Qe7 {[%emt 0:
00:03]} 17. Rfe1 {[%emt 0:00:06]} Qf6 {[%emt 0:00:10]} 18. Nd2 {[%emt 0:00:07]}
Nf4 {[%emt 0:00:05]} 19. Bxf4 {[%emt 0:00:24]} Qxf4 {[%emt 0:00:02]} 20. Nf3 {
[%emt 0:00:03]} Bxh3 {[%emt 0:00:03]} 21. Ne2 {[%emt 0:00:04]} Qf6 {[%emt 0:00:
05]} 22. e5 {[%emt 0:00:20]} dxe5 {[%emt 0:00:03]} 23. Be4 {[%emt 0:00:20]} Bg4
{[%emt 0:00:05]} 24. Rad1 {[%emt 0:00:08]} Ne8 {[%emt 0:00:09]} 25. Qxc5 {
[%emt 0:00:09]} Nd6 {[%emt 0:00:00]} 26. Qc2 {[%emt 0:00:13]} Rfc8 {[%emt 0:00:
01]} 27. Qd3 {[%emt 0:00:02]} Nxe4 {[%emt 0:00:14]} 28. Qxe4 {[%emt 0:00:02]}
Bf5 {[%emt 0:00:00]} 29. Qb4 {[%emt 0:00:19]} Rd8 {[%emt 0:00:08]} 30. d6 {
[%emt 0:00:02]} Be4 {[%emt 0:00:09]} 31. Qxe4 {[%emt 0:00:09]} Rxd6 {[%emt 0:
00:02]} 32. Rxd6 {[%emt 0:00:05]} Qxd6 {[%emt 0:00:02]} 33. Nc3 {[%emt 0:00:04]
} f5 {[%emt 0:00:06]} 34. Qd5 {[%emt 0:00:04]} Qxd5 {[%emt 0:00:01]} 35. Nxd5 {
[%emt 0:00:01]} e4 {[%emt 0:00:00]} 36. Nd4 {[%emt 0:00:05]} Bxd4 {[%emt 0:00:
01]} 37. Rd1 {[%emt 0:00:07]} Bxb2 {[%emt 0:00:04]} 38. Rd2 {[%emt 0:00:07]}
Ba3 {[%emt 0:00:02]} 39. Nf6+ {[%emt 0:00:02]} Kg7 {[%emt 0:00:02]} 40. Nd7 {
[%emt 0:00:07]} Rc8 {[%emt 0:00:03]} 41. Nb6 {[%emt 0:00:02]} Rc1+ {[%emt 0:00:
08]} 42. Kh2 {[%emt 0:00:01]} Rc7 {[%emt 0:00:11]} 43. Ra2 {[%emt 0:00:16]}
Bd6+ {[%emt 0:00:03]} 44. g3 {[%emt 0:00:01]} f4 {[%emt 0:00:03]} 45. Nd5 {
[%emt 0:00:03]} fxg3+ {[%emt 0:00:01]} 46. fxg3 {[%emt 0:00:02]} Rf7 {[%emt 0:
00:04]} 47. Re2 {[%emt 0:00:02]} Rf3 {[%emt 0:00:05]} 48. Rxe4 {[%emt 0:00:02]}
Rxg3 {[%emt 0:00:01]} 49. Kh1 {[%emt 0:00:01]} Ra3 {[%emt 0:00:07]} 50. Re6 {
[%emt 0:00:01]} Bc5 {[%emt 0:00:06]} 51. Re8 {[%emt 0:00:04]} Rxa4 {[%emt 0:00:
02]} 52. Rc8 {[%emt 0:00:03]} b6 {[%emt 0:00:03]} 53. Nc7 {[%emt 0:00:05]} Kf6
{[%emt 0:00:05]} 54. Ne8+ {[%emt 0:00:01]} Kg5 {[%emt 0:00:01]} 55. Rc6 {[%emt
0:00:02]} h5 {[%emt 0:00:06]} 56. Ng7 {[%emt 0:00:03]} Rh4+ {[%emt 0:00:04]}
57. Kg2 {[%emt 0:00:02]} Rg4+ {[%emt 0:00:00]} 58. Kf3 {[%emt 0:00:01]} Rf4+ {
[%emt 0:00:01]} 59. Ke2 {[%emt 0:00:01]} Rf6 {[%emt 0:00:01]} 60. Ne8 {[%emt 0:
00:03]} Rxc6 {[%emt 0:00:01] Beckhambauer gibt auf} 0-1

[Event "Benidorm Satellite preliminary"]
[Site "playchess.com #007036"]
[Date "2009.10.24"]
[Round "12"]
[White "David Lynch"]
[Black "FlorianKull"]
[Result "1-0"]
[WhiteElo "2136"]
[BlackElo "2099"]
[PlyCount "97"]
[EventDate "2009.10.24"]
[EventType "swiss (blitz)"]

1. d4 {[%emt 0:00:01]} d5 {[%emt 0:00:09]} 2. c4 {[%emt 0:00:01]} c6 {[%emt 0:
00:01]} 3. Nf3 {[%emt 0:00:01]} Nf6 {[%emt 0:00:01]} 4. Nc3 {[%emt 0:00:08]} e6
{[%emt 0:00:03]} 5. Qc2 {[%emt 0:00:02]} Bd6 {[%emt 0:00:04]} 6. e3 {[%emt 0:
00:04]} Nbd7 {[%emt 0:00:05]} 7. g4 {[%emt 0:00:01]} Nxg4 {[%emt 0:00:15]} 8.
Rg1 {[%emt 0:00:02]} Nxh2 {[%emt 0:00:02]} 9. Nxh2 {[%emt 0:00:01]} Bxh2 {
[%emt 0:00:01]} 10. Rxg7 {[%emt 0:00:00]} Nf8 {[%emt 0:00:12]} 11. Rg2 {[%emt
0:00:02]} Bd6 {[%emt 0:00:02]} 12. e4 {[%emt 0:00:03]} dxe4 {[%emt 0:00:04]}
13. Nxe4 {[%emt 0:00:04]} Be7 {[%emt 0:00:02]} 14. Be3 {[%emt 0:00:03]} Ng6 {
[%emt 0:00:01]} 15. O-O-O {[%emt 0:00:01]} Bd7 {[%emt 0:00:01]} 16. Nc5 {[%emt
0:00:05]} Qc7 {[%emt 0:00:04]} 17. Bd3 {[%emt 0:00:19]} O-O-O {[%emt 0:00:14]}
18. Kb1 {[%emt 0:00:08]} Bxc5 {[%emt 0:00:09]} 19. dxc5 {[%emt 0:00:01]} f5 {
[%emt 0:00:11]} 20. Rh1 {[%emt 0:00:14]} Rdf8 {[%emt 0:00:10]} 21. Rgh2 {[%emt
0:00:06]} Be8 {[%emt 0:00:11]} 22. Bd4 {[%emt 0:00:05]} e5 {[%emt 0:00:04]} 23.
Bxf5+ {[%emt 0:00:01]} Kb8 {[%emt 0:00:01]} 24. Bc3 {[%emt 0:00:06]} Qe7 {
[%emt 0:00:34]} 25. Ka1 {[%emt 0:00:07]} Qxc5 {[%emt 0:00:05]} 26. Qe4 {[%emt
0:00:08]} Ka8 {[%emt 0:00:36]} 27. f3 {[%emt 0:00:18]} a6 {[%emt 0:00:02]} 28.
Rd2 {[%emt 0:00:02]} Qe7 {[%emt 0:00:02]} 29. Rhd1 {[%emt 0:00:02]} Qf6 {[%emt
0:00:02]} 30. Rd8+ {[%emt 0:00:12]} Ka7 {[%emt 0:00:01]} 31. Qe3+ {[%emt 0:00:
03]} b6 {[%emt 0:00:02]} 32. Ba5 {[%emt 0:00:42] .} c5 {[%emt 0:00:04]} 33.
R8d6 {[%emt 0:00:07]} Qxf5 {[%emt 0:00:03]} 34. Bxb6+ {[%emt 0:00:01]} Kb7 {
[%emt 0:00:02]} 35. Qxc5 {[%emt 0:00:03]} Qc8 {[%emt 0:00:05]} 36. Qa5 {[%emt
0:00:20]} Bc6 {[%emt 0:00:04]} 37. Bc5 {[%emt 0:00:04]} Qc7 {[%emt 0:00:05]}
38. Qb4+ {[%emt 0:00:03]} Ka8 {[%emt 0:00:04]} 39. Qa3 {[%emt 0:00:03]} Qb7 {
[%emt 0:00:03]} 40. b4 {[%emt 0:00:05]} Ne7 {[%emt 0:00:11]} 41. b5 {[%emt 0:
00:02]} Nc8 {[%emt 0:00:01]} 42. Rxc6 {[%emt 0:00:04]} Na7 {[%emt 0:00:02]} 43.
Rxa6 {[%emt 0:00:02]} Rd8 {[%emt 0:00:01]} 44. Rxa7+ {[%emt 0:00:01]} Kb8 {
[%emt 0:00:01]} 45. Rxb7+ {[%emt 0:00:02]} Kxb7 {[%emt 0:00:00]} 46. Qa6+ {
[%emt 0:00:01]} Kb8 {[%emt 0:00:02]} 47. Ba7+ {[%emt 0:00:01]} Kc7 {[%emt 0:00:
02]} 48. Qb6+ {[%emt 0:00:02]} Kc8 {[%emt 0:00:01]} 49. Qb8# {[%emt 0:00:01]}
1-0